Provinces of China (Chinese Characters) - Statistics

General Stats
  • This quiz has been taken 112 times
  • The average score is 27 of 33
Answer Stats
Province Answer % Correct
海南 Hainan
99%
广东 Guangdong
96%
北京 Beijing
94%
上海 Shanghai
94%
河北 Hebei
93%
河南 Henan
90%
山西 Shanxi
90%
湖北 Hubei
89%
四川 Sichuan
89%
广西 Guangxi
86%
湖南 Hunan
85%
江西 Jiangxi
85%
天津 Tianjin
85%
新疆 Xinjiang
85%
安徽 Anhui
83%
黑龙江 Heilongjiang
83%
重庆 Chongqing
82%
陕西 Shaanxi
82%
江苏 Jiangsu
81%
山东 Shandong
81%
青海 Qinghai
79%
云南 Yunnan
79%
福建 Fujian
78%
贵州 Guizhou
76%
香港 Hong Kong
72%
吉林 Jilin
72%
澳门 Macau
72%
辽宁 Liaoning
69%
宁夏 Ningxia
68%
浙江 Zhejiang
68%
甘肃 Gansu
65%
内蒙古 Inner Mongolia
64%
西藏 Tibet
64%
No matching quizzes found
Score Distribution
Percent of People with Each Score
Percentile by Number Answered
Your Score History
You have not taken this quiz